000 00621nam a2200253Ia 4500
003 OSt
005 20220918185734.0
006 a|||||r|||| 00| 0
007 ta
008 220917b |||||||| |||| 00| 0 eng d
024 _a52,311
037 _cTextual
040 _aARTS
_cARTS
_beng
041 _2eng
_aeng
082 _aP142, L5
100 _aOinas F J
_970056
245 0 _aBasic course in Estonian
250 _a4th
260 _aBloomington
_bIndiana
_c1975
300 _ax, 398p.
_ccm.
650 _aLINGUISTICS
942 _hP142, L5
_cTEXL
_2CC
999 _c181858
_d181858